| 000 | 00839nam a22002417a 4500 | ||
|---|---|---|---|
| 001 | 48390 | ||
| 003 | BD-RjUL | ||
| 005 | 20211209054521.0 | ||
| 008 | 160813s1982 bg ||||| |||| 00| 0 ben d | ||
| 020 | _c: TK 10.00 | ||
| 035 | _a(BD-RjUL)48509 | ||
| 040 |
_aBD-RjUL _bben _cBD-RjUL |
||
| 041 | _aben | ||
| 082 |
_223 _a882 _bESS 1982 |
||
| 100 |
_aএসকিলাস _9146423 |
||
| 245 | 1 | 0 |
_aশৃঙ্খলিত প্রমিথিউস / _cএসকিলাস |
| 260 |
_aঢাকা : _bবাংলা একাডেমী, _c১৯৮২ |
||
| 300 |
_a৪৮ পৃ. ; _c২১ সেমি. |
||
| 650 |
_aগ্রীক নাটক _9121681 |
||
| 650 |
_aGreek Drama _9121682 |
||
| 700 |
_aসায়ীদ, আবদুল্লাহ আবু, অনুবাদ _9146424 |
||
| 942 |
_2ddc _cBK |
||
| 999 |
_c48390 _d48390 |
||